Normal view
MARC view
Entry Uniform Title
001 - CONTROL NUMBER
- control field: 48171
003 - CONTROL NUMBER IDENTIFIER
- control field: dpl
005 - DATE AND TIME OF LATEST TRANSACTION
- control field: 20120529160409.0
008 - FIXED-LENGTH DATA ELEMENTS
- fixed length control field: 120529|||a|||||| | ||| d
040 ## - CATALOGING SOURCE
- Original cataloging agency: dpl
- Transcribing agency: dpl
130 ## - HEADING--UNIFORM TITLE
- Uniform title: लोकप्रिय विज्ञान माला
670 ## - SOURCE DATA FOUND
- Source citation: Work cat.: (dpl)14333: परदेशी, अनुपम 48170, मछलियों की रंग-बिरंगी दुनिया /, 2007
670 ## - SOURCE DATA FOUND
- Source citation: Work cat.: (dpl)14333: परदेशी, अनुपम 48170, मछलियों की रंग-बिरंगी दुनिया /, 2007
